Computer networks & internet / (Record no. 35909)

MARC details
000 -LEADER
fixed length control field 00473nam a22001697a 4500
005 - DATE AND TIME OF LATEST TRANSACTION
control field 20240612150115.0
008 - FIXED-LENGTH DATA ELEMENTS--GENERAL INFORMATION
fixed length control field 240612b |||||||| |||| 00| 0 eng d
020 ## - INTERNATIONAL STANDARD BOOK NUMBER
ISBN 9781292061177
082 ## - DEWEY DECIMAL CLASSIFICATION NUMBER
Classification number 004.6
Item number COM-C
100 ## - MAIN ENTRY--AUTHOR
Author Name Comer, Douglas E.
245 ## - TITLE STATEMENT
Title Computer networks & internet /
Statement of responsibility, etc. Douglas E.Comer
260 ## - PUBLICATION, DISTRIBUTION, ETC.
Place of Publication USA:
Name of publisher, distributor, etc. Pearson;
Date of publication, distribution, etc. 2015.
300 ## - PHYSICAL DESCRIPTION
Pages xiv, 645 p. :
500 ## - GENERAL NOTE
General note include index.
650 ## - SUBJECT ADDED ENTRY--TOPICAL TERM
Subject / Department computer science-Networking
300 ## - PHYSICAL DESCRIPTION
-- ill;
-- 23 cm.
952 ## - LOCATION AND ITEM INFORMATION (KOHA)
-- 0
-- 0
Holdings
Lost status Damaged status Collection code Permanent Location Current Location Shelving Location Date acquired Full Call Number Accession No./Barcode Date last seen item type Koha item type
    CS/IT Superior Information Resource Center (SIRC) Superior University- Gold Campus Superior Information Resource Center (SIRC) Superior University- Gold Campus Networking 06/12/2024 004.56 COM-C 2015 17749 06/12/2024 BOOK BOOK

Powered by Koha